LEADER 01144nam a2200253 i 4500 001 000000237189 003 CaOOAMICUS 005 20141219000000.0 008 141219s1964 it u000 u ita u 013 $a216094 040 $aSeMil$bita 100 1 $aLenin, Vladimir Il?i?,$d<1870-1924>.$0(OLS)http://semarc/name/14277 245 12$aL'imperialismo fase suprema del capitalismo /$cVladimir Ilic Lenin ; A cura di Valentino Parlato. 260 $aRoma :$bEditori Riuniti,$ccopyr. 1964. 300 $a176 p. ;$c19 cm. 490 0 $aPiccola biblioteca marxista. Nuova serie 650 4$aImperialismo.$0(OLS)http://semarc/subject/2583 650 4$aCapitalismo.$0(OLS)http://semarc/subject/13925 700 1 $aParlato, Valentino <1931-2017>.$0(OLS)http://semarc/name/93457 830 0$aPiccola biblioteca marxista. Nuova serie.$0(OLS)http://semarc/title/25797 850 $aSeMil 852 $aSeMil$W1$xVenegono$y1$m3N I 200$j187535$B187535$CSeMilBibl$Z2$F198450 $81 996 $6245$aL'imperialismo fase suprema del capitalismo$9(OLS)http://semarc/title/204383 996 $6260$aRoma :$bEditori Riuniti$9(OLS)http://semarc/publisher/30240 LEADER 00624nam a2200181 i 4500 001 000000053353 003 CaOOAMICUS 005 20230616120349.0 008 110221s1902 it u000 u ita u 040 $aSeMil$bita 245 10$aParte 1. 300 $a315 p. 500 $aRilegato con : 3L I 89/2 773 0 $aMinoretti, Carlo Dalmazio $tAppunti di economia sociale.$dMilano : Giuseppe Palma, 1902-1903.$w()24356 850 $aSeMil 852 $aSeMil$W1$xVenegono$y1$m3L I 89/1$j19507$B19507$CSeMilBibl$Z2$F19509 $81 996 $6245$aParte 1$9(OLS)http://semarc/title/49080